000 00663nam a2200217 a 4500
999 _c9025
_d9025
001 9025
003 BD-JhCC
005 20190310082657.0
008 171111s1990 bg |||| ||a| 000 0 ben d
035 _a(BD-JhCC)9025
040 _aBD-JhCC
_dBD-JhCC
041 _aben
082 _a891.4435
_bMAH 1990
100 _a মাহমুদ, নাজিম
245 _aযখন ক্রীতদাস : স্মৃতি’৭১ /
_cনাজিম মাহমুদ
260 _aঢাকা :
_bমুক্তধারা,
_c১৯৯০.
300 _a93 p. :
_c22 cm.
650 _aHistorical Sories
942 _2ddc
_cBK